Biblioteca y Centro de Documentación

Selección de laudos arbitrales dictados por el Orecla (1998-2005) (Registro nro. 19157)

Detalles MARC
000 -CABECERA
Longitud fija campo de control 01072nam a2200349 c 4500
001 - NÚMERO DE CONTROL
Número de control 19157
003 - IDENTIFICADOR DE NÚMERO DE CONTROL
Identificador del número de control ES-MaCES
005 - FECHA Y HORA DE LA ÚLTIMA TRANSACCIÓN
Fecha y hora de la última transacción 20150929135821.0
008 - CAMPO FIJO DE DESCRIPCIÓN FIJA--INFORMACIÓN GENERAL
Códigos de información de longitud fija   060801s2006 sp d t o000 | spa d
017 ## - NÚMERO DE REGISTRO DE DERECHOS DE AUTOR Y DEPÓSITO LEGAL
Número de copyright o de depósito legal SA 139-2006
Agencia que asigna el número DL
035 ## - NÚMERO DE CONTROL DEL SISTEMA
Número de control del sistema CES20060010247m
040 ## - FUENTE DE CATALOGACIÓN
Centro catalogador de origen ES-MaCES
Lengua de catalogación spa
Centro transcriptor ES-MaCES
110 2# - ENCABEZAMIENTO PRINCIPAL--NOMBRE CORPORATIVO
Nombre de entidad corporativa o nombre de jurisdicción como elemento inicial Fundación Orecla
9 (RLIN) 3866
245 10 - MENCIÓN DE TÍTULO
Título Selección de laudos arbitrales dictados por el Orecla (1998-2005)
260 ## - PUBLICACIÓN, DISTRIBUCIÓN, ETC (PIE DE IMPRENTA)
Lugar de publicación, distribución, etc. [Santander]
Nombre del editor, distribuidor, etc. Fundación Orecla
Fecha de publicación, distribución, etc. [2006]
300 ## - DESCRIPCIÓN FÍSICA
Extensión 187 p.
Dimensiones 27 cm
541 ## - NOTA DE LA FUENTE INMEDIANTE DE ADQUISICIÓN
Forma de adquisición Gratuito
650 #4 - ASIENTO SECUNDARIO DE MATERIA--TÉRMINO DE MATERIA
Término de materia o nombre geográfico como elemento inicial laudo arbitral
9 (RLIN) 29860
650 #4 - ASIENTO SECUNDARIO DE MATERIA--TÉRMINO DE MATERIA
Término de materia o nombre geográfico como elemento inicial conflicto de trabajo
9 (RLIN) 28367
650 #4 - ASIENTO SECUNDARIO DE MATERIA--TÉRMINO DE MATERIA
Término de materia o nombre geográfico como elemento inicial arreglo de conflicto
9 (RLIN) 27305
650 #4 - ASIENTO SECUNDARIO DE MATERIA--TÉRMINO DE MATERIA
Término de materia o nombre geográfico como elemento inicial mediación
9 (RLIN) 29897
650 #4 - ASIENTO SECUNDARIO DE MATERIA--TÉRMINO DE MATERIA
Término de materia o nombre geográfico como elemento inicial conciliación
9 (RLIN) 27303
650 #4 - ASIENTO SECUNDARIO DE MATERIA--TÉRMINO DE MATERIA
Término de materia o nombre geográfico como elemento inicial arbitraje
9 (RLIN) 27302
650 #4 - ASIENTO SECUNDARIO DE MATERIA--TÉRMINO DE MATERIA
Término de materia o nombre geográfico como elemento inicial Cantabria (Comunidad Autónoma)
9 (RLIN) 30793
650 #4 - ASIENTO SECUNDARIO DE MATERIA--TÉRMINO DE MATERIA
Término de materia o nombre geográfico como elemento inicial 1998-2005
9 (RLIN) 31310
650 #4 - ASIENTO SECUNDARIO DE MATERIA--TÉRMINO DE MATERIA
Término de materia o nombre geográfico como elemento inicial texto
9 (RLIN) 29624
653 10 - TÉRMINO DE INDEXACIÓN--NO CONTROLADO
Término no controlado Relaciones laborales-Empleo
650 #4 - ASIENTO SECUNDARIO DE MATERIA--TÉRMINO DE MATERIA
9 (RLIN) 30664
Término de materia o nombre geográfico como elemento inicial concertación social
902 ## - CES. TIPO DE DOCUMENTO
Tipodoc (006$c Sirtex) DOC Literatura gris
942 ## - ELEMENTOS KOHA
Fuente de clasificaión o esquema Clasificación propia del CES
Koha [por defecto] tipo de item Monografías
Parte de clasificación 2.0.
Existencias
Número de registro Signatura completa Tipo de item de Koha
065690 SG-2.0.-368 Monografías
© CES, Consejo Económico y Social de España 2021